Evidence and assurance /

Bibliographic Details
Main Author: Nathan, N. M. L.
Format: Book
Language:English
Published: Cambridge [England] ; New York : Cambridge University Press, 1980.
Series:Cambridge studies in philosophy.
Subjects:

MARC

Tag First Indicator Second Indicator Subfields
LEADER 00000pam a2200000 i 4500
001 in00000043994
005 20151007065049.0
008 790514s1980 enk b 00110 eng
010 |a  79050505  
020 |a 0521225175 
035 |a (OCoLC)05029022 
035 |9 AAE1207AM 
040 |a DLC  |c DLC  |d TXA  |d UtOrBLW 
049 |a TXAM  |c [1405704] 
050 0 0 |a BC173  |b .N37 
082 0 |a 121 
100 1 |a Nathan, N. M. L. 
245 1 0 |a Evidence and assurance /  |c N. M. L. Nathan. 
264 1 |a Cambridge [England] ;  |a New York :  |b Cambridge University Press,  |c 1980. 
300 |a vi, 194 pages ;  |c 23 cm. 
336 |a text  |b txt  |2 rdacontent 
337 |a unmediated  |b n  |2 rdamedia 
338 |a volume  |b nc  |2 rdacarrier 
490 1 |a Cambridge studies in philosophy 
500 |a Includes index. 
504 |a Bibliography: pages [189]-191. 
650 0 |a Evidence. 
650 0 |a Justification (Theory of knowledge) 
650 0 |a Belief and doubt. 
650 0 |a Skepticism. 
830 0 |a Cambridge studies in philosophy. 
999 |a MARS 
999 f f |s f901b6c7-1c8d-3be5-8397-986308ad09c5  |i 13ea5797-37ac-30fa-97b2-a4ef91252a6d  |t 0 
952 f f |p ric  |a Texas A&M University  |b Rellis Campus  |c Joint Library Facility  |d Remote Storage  |t 0  |e BC173 .N37  |h Library of Congress classification  |i unmediated -- volume  |m A14801641898 
998 f f |a BC173 .N37  |t 0  |l Remote Storage